British Telecommunications plc v Sun Life Assurance Society plc (Record no. 3971)

MARC details
000 -LEADER
fixed length control field 01462cab a2200253 4500
001 - CONTROL NUMBER
control field ABS53800
008 - FIXED-LENGTH DATA ELEMENTS--GENERAL INFORMATION
fixed length control field 090401t1995 xxu||||| |||| 00| 0 eng d
035 ## - SYSTEM CONTROL NUMBER
System control number (Sirsi) u6661
041 ## - LANGUAGE CODE
Language code of text/sound track or separate title eng
245 ## - TITLE STATEMENT
Title British Telecommunications plc v Sun Life Assurance Society plc
260 ## - PUBLICATION, DISTRIBUTION, ETC.
Date of publication, distribution, etc. 1995
350 ## - PRICE (NR) (BK AM CF MU VM SE) [OBSOLETE]
Price 0
490 ## - SERIES STATEMENT
Series statement All England Law Reports
Volume/sequential designation (1995) 4 AllER 44-52(9)
520 ## - SUMMARY, ETC.
Summary, etc. CA 28 July 1995. The plaintiff (B) was tenant on the sixth and seventh floors of premises to which the defendant (S) was landlord. The lease required S to keep the building as a whole in `complete good and substantial repair`. In the summer of 1986 a bulge appeared in the brick cladding on the fifth floor external wall, and when S was informed on 1 September 1986 they immediately did preparatory work to carry out remedial work - which did not begin until February 1988. Meanwhile B brought proceedings against S for breach of repairing covenant, contending that a breach occurred as soon as a defect occurred, and not, as S contended, when notification of such defect was received. Appeal against earlier ruling in favour of B was dismissed.
650 ## - SUBJECT ADDED ENTRY--TOPICAL TERM
Topical term or geographic name entry element BREACH OF COVENANT
650 ## - SUBJECT ADDED ENTRY--TOPICAL TERM
Topical term or geographic name entry element BREACH
650 ## - SUBJECT ADDED ENTRY--TOPICAL TERM
Topical term or geographic name entry element BRITISH TELECOMMUNICATIONS PLC V SUN LIFE ASSURANCE SOCIETY PLC
650 ## - SUBJECT ADDED ENTRY--TOPICAL TERM
Topical term or geographic name entry element BUILDING DEFECTS
650 ## - SUBJECT ADDED ENTRY--TOPICAL TERM
Topical term or geographic name entry element LEASES
650 ## - SUBJECT ADDED ENTRY--TOPICAL TERM
Topical term or geographic name entry element REPAIRING COVENANTS
690 ## - LOCAL SUBJECT ADDED ENTRY--TOPICAL TERM (OCLC, RLIN)
Topical term or geographic name as entry element LANDLORD AND TENANT-CASE LAW-BUSINESS TENANCIES
942 ## - ADDED ENTRY ELEMENTS (KOHA)
Suppress in OPAC 0
948 ## - LOCAL PROCESSING INFORMATION (OCLC); SERIES PART DESIGNATOR (RLIN)
c (OCLC) 04/03/1997
Holdings
Withdrawn status Lost status Source of classification or shelving scheme Damaged status Not for loan Home library Current library Shelving location Date acquired Total Checkouts Full call number Barcode Date last seen Copy number Price effective from Koha item type
    Dewey Decimal Classification     London London Journal article 14/09/1999   ABS53800 6661-1001 06/08/2019 1 06/08/2019 Law report